| 000 | 00513pam a2200169 a 4500 | ||
|---|---|---|---|
| 020 | _a0819177113 (alk. paper) | ||
| 050 | 0 | 0 |
_aR 726 _b.B25 |
| 100 | 1 | _aBailey, Don V., | |
| 245 | 1 | 4 |
_aThe challenge of euthanasia : _ban annotated bibliography on euthanasia and related subjects / _cDon V. Bailey. |
| 260 |
_aLanham, Md. : _bUniversity Press of America, _cc1990. |
||
| 300 | _a 395 p. ; | ||
| 650 | 0 | _xAbstracts. | |
| 650 | 0 | _xAbstracts. | |
| 650 | 0 | _xBibliography. | |
| 650 | 0 | _xBibliography. | |
| 942 |
_2lcc _cGEN |
||
| 999 |
_c9408 _d9408 |
||